[Event "World Youth U16 Olympiad"]
[Site "Gyor HUN"]
[Date "2014.12.14"]
[Round "3.16"]
[Board "2"]
[White "Unuk, Laura"]
[Black "Czupor, Attila"]
[Result "1-0"]
[WhiteTitle "WIM"]
[WhiteElo "2249"]
[BlackElo "2107"]
[WhiteTeam "Slovenia"]
[BlackTeam "Transdanubium West 2"]
[WhiteFideId "14609215"]
[BlackFideId "752495"]
[EventDate "2014.12.13"]

1. d4 d5 2. c4 c6 3. Nf3 Nf6 4. e3 e6 5. Bd3 Nbd7 6. O-O Bd6 7. Nc3 O-O 8. e4
dxc4 9. Bxc4 e5 10. Bg5 exd4 11. Qxd4 Bc5 12. Qd1 Qe7 13. Kh1 Rd8 14. Qc2 h6 15.
Bh4 Bd6 16. Rad1 b5 17. Bxf6 Qxf6 18. Bxf7+ Kxf7 19. e5 Nxe5 20. Ne4 Qe7 21.
Nxd6+ Rxd6 22. Rfe1 Rxd1 23. Qxd1 Qf6 24. Nxe5+ Kg8 25. Qc2 Bb7 26. Qb3+ Kh8 27.
Nf7+ Kh7 28. Re6 Qf5 29. h3 Qxf2 30. Qd3+ Kg8 31. Nxh6+ Kh8 32. Nf5 c5 33. Rh6+
Kg8 34. Rg6 Qe1+ 35. Kh2 Qe5+ 36. Qg3 Qxf5 37. Rxg7+ Kf8 38. Rxb7 1-0

[Event "World Youth U16 Olympiad"]
[Site "Gyor HUN"]
[Date "2014.12.14"]
[Round "3.16"]
[Board "3"]
[White "Ugroczky, Peter"]
[Black "Cretnik, Urban"]
[Result "0-1"]
[WhiteElo "2057"]
[BlackElo "2214"]
[WhiteTeam "Transdanubium West 2"]
[BlackTeam "Slovenia"]
[WhiteFideId "758663"]
[BlackFideId "14608480"]
[EventDate "2014.12.13"]

1. e4 c5 2. Nf3 Nc6 3. d4 cxd4 4. Nxd4 e5 5. Nb5 d6 6. N1c3 a6 7. Na3 Be7 8. Be2
b5 9. Nd5 Nf6 10. Nxf6+ Bxf6 11. c4 bxc4 12. Nxc4 Nd4 13. O-O O-O 14. Ne3 Bb7
15. Nd5 Bxd5 16. exd5 Qa5 17. Bc4 Qb4 18. b3 e4 19. Rb1 Be5 20. Bb2 Qb6 21. Qd2
Nb5 22. a4 Bxb2 23. Rxb2 Nc7 24. a5 Qa7 25. Qf4 Qd4 26. Rd2 Qc3 27. Ra2 Nb5 28.
Qxe4 Rfe8 29. Qb1 Qb4 30. Qd3 Rab8 31. h3 Re5 32. Rc1 g6 33. Qd2 Qc5 34. Rd1
Rbe8 35. Raa1 Kf8 36. Rac1 Nd4 37. Qxd4 Re1+ 38. Kh2 Qxd4 39. Rxd4 Rxc1 40. Bxa6
Ra8 41. Bb7 Rxa5 42. b4 Ra2 43. Kg3 Rc3+ 44. f3 Rcc2 45. b5 Rxg2+ 46. Kf4 Kg7
47. Bc6 Kf6 48. Rd1 Rae2 49. h4 h6 0-1

[Event "World Youth U16 Olympiad"]
[Site "Gyor HUN"]
[Date "2014.12.14"]
[Round "3.16"]
[Board "4"]
[White "Bratkovic, Jakob"]
[Black "Szukics, Adam"]
[Result "1-0"]
[WhiteElo "2158"]
[BlackElo "2000"]
[WhiteTeam "Slovenia"]
[BlackTeam "Transdanubium West 2"]
[WhiteFideId "14608634"]
[BlackFideId "751871"]
[EventDate "2014.12.13"]

1. e4 e5 2. Nf3 Nc6 3. Bc4 Bc5 4. O-O Nf6 5. d3 d6 6. c3 a6 7. Bb3 Ba7 8. Nbd2
O-O 9. h3 Nh5 10. Re1 Qf6 11. Nf1 h6 12. Ne3 Nf4 13. Nd5 Nxd5 14. Bxd5 Ne7 15.
Bb3 Be6 16. Rf1 Qg6 17. Nh4 Qf6 18. Nf3 Ng6 19. Nh2 Nh4 20. Qh5 g5 21. Ng4 Bxg4
22. Qxg4 Kh8 23. Kh1 Rg8 24. g3 Ng6 25. Qf5 Qxf5 26. exf5 Ne7 27. g4 Kg7 28. Kg2
Kf6 29. Bd2 Rad8 30. Rad1 Nc6 31. Bd5 Nb8 32. Bc1 c6 33. Bb3 Rge8 34. h4 Nd7 35.
hxg5+ hxg5 36. d4 Rh8 37. Kg3 Nb6 38. dxe5+ dxe5 39. Rxd8 Rxd8 40. Rh1 Rd3+ 41.
Be3 Nd5 42. Bc2 Rxe3+ 43. fxe3 Bxe3 44. Bb3 e4 45. Bc2 Ke5 46. Rh8 Bf4+ 47. Kh3
e3 48. Kg2 Nb6 49. Bb3 Kf6 50. Rh7 Nd5 51. Bxd5 cxd5 52. Rh6+ Ke5 53. Kf3 e2 54.
Kxe2 Bc1 55. b3 Kf4 56. Rf6 Bb2 57. Rxf7 Bxc3 58. Rxb7 Kxg4 59. Rb6 Bd4 60. Rxa6
Kxf5 61. b4 Ke4 62. b5 g4 63. b6 g3 64. b7 Be5 65. Re6 1-0

[Event "World Youth U16 Olympiad"]
[Site "Gyor HUN"]
[Date "2014.12.14"]
[Round "3.17"]
[Board "1"]
[White "Marek, Matyas"]
[Black "Kolver, Chris"]
[Result "1/2-1/2"]
[WhiteTitle "FM"]
[WhiteElo "2348"]
[BlackElo "1806"]
[WhiteTeam "Czech Republic"]
[BlackTeam "South Africa 2"]
[WhiteFideId "335398"]
[BlackFideId "14307820"]
[EventDate "2014.12.13"]

1. e4 c5 2. Nf3 Nc6 3. d4 cxd4 4. Nxd4 Nf6 5. Nc3 e5 6. Ndb5 d6 7. Bg5 a6 8. Na3
b5 9. Nd5 Be7 10. Bxf6 Bxf6 11. c4 b4 12. Nc2 a5 13. g3 O-O 14. h4 Be7 15. Bg2
Be6 16. Nde3 Qd7 17. O-O Bd8 18. Qd3 Bb6 19. b3 Bc5 20. Kh2 Rad8 21. f4 f6 22.
f5 Bf7 23. g4 Nd4 24. Rad1 Qa7 25. Nxd4 Bxd4 26. Nc2 Bc5 27. g5 Kh8 28. Qg3 Be8
29. Rd3 Kg8 30. Kh1 Kh8 1/2-1/2

[Event "World Youth U16 Olympiad"]
[Site "Gyor HUN"]
[Date "2014.12.14"]
[Round "3.17"]
[Board "2"]
[White "Gluckman, Paul"]
[Black "Pulpan, Jakub"]
[Result "0-1"]
[WhiteTitle "FM"]
[BlackTitle "FM"]
[WhiteElo "1696"]
[BlackElo "2264"]
[WhiteTeam "South Africa 2"]
[BlackTeam "Czech Republic"]
[WhiteFideId "14309513"]
[BlackFideId "302759"]
[EventDate "2014.12.13"]

1. c4 Nf6 2. Nc3 e6 3. e4 d5 4. e5 d4 5. exf6 dxc3 6. bxc3 Qxf6 7. d4 c5 8. Nf3
cxd4 9. cxd4 Bb4+ 10. Bd2 Bxd2+ 11. Qxd2 O-O 12. Be2 Rd8 13. O-O b6 14. Rad1 Bb7
15. Rfe1 Nc6 16. Qe3 Rac8 17. Rd2 Ne7 18. Qa3 Nf5 19. d5 exd5 20. Qxa7 Rc7 21.
cxd5 Ra8 22. d6 Rxa7 23. dxc7 g6 24. Rd8+ Kg7 25. c8=Q Bxc8 26. Rxc8 Rxa2 27.
Bc4 Rc2 28. Ne5 Nd6 29. Ng4 Qd4 0-1

[Event "World Youth U16 Olympiad"]
[Site "Gyor HUN"]
[Date "2014.12.14"]
[Round "3.17"]
[Board "3"]
[White "Kula, Dominik"]
[Black "Van Der Lingen, Cornelis Petrus"]
[Result "0-1"]
[WhiteElo "2018"]
[BlackElo "1712"]
[WhiteTeam "Czech Republic"]
[BlackTeam "South Africa 2"]
[WhiteFideId "344338"]
[BlackFideId "14306620"]
[EventDate "2014.12.13"]

1. e4 e5 2. Nf3 Nc6 3. Bb5 Nf6 4. O-O Be7 5. Re1 d6 6. c3 O-O 7. h3 Bd7 8. d4
Nxd4 9. Nxd4 exd4 10. Bxd7 Qxd7 11. cxd4 Rfe8 12. Nc3 Bf8 13. Bg5 Be7 14. Qb3 c6
15. Rad1 h6 16. Bf4 Rad8 17. e5 Nh5 18. Bh2 g6 19. e6 fxe6 20. Rxe6 Kh7 21. d5
Ng7 22. Re2 Bf8 23. Rde1 Rxe2 24. Rxe2 Nf5 25. Qa4 cxd5 26. Qxa7 d4 27. Ne4 Qb5
28. Rd2 Qc6 29. Nf6+ Kg7 30. Bf4 Kxf6 31. Re2 g5 32. Bd2 Qa6 0-1

[Event "World Youth U16 Olympiad"]
[Site "Gyor HUN"]
[Date "2014.12.14"]
[Round "3.17"]
[Board "4"]
[White "Marx, Inge"]
[Black "Nova, Michaela"]
[Result "0-1"]
[WhiteElo "1524"]
[BlackElo "2015"]
[WhiteTeam "South Africa 2"]
[BlackTeam "Czech Republic"]
[WhiteFideId "14306271"]
[BlackFideId "368466"]
[EventDate "2014.12.13"]

1. e4 c5 2. Nc3 e6 3. f4 Nc6 4. Nf3 a6 5. Be2 Nge7 6. O-O d5 7. d3 b5 8. Qe1 g6
9. Qh4 Bg7 10. Kh1 Nd4 11. Bd1 Bb7 12. Re1 b4 13. Ne2 dxe4 14. Nexd4 exf3 15.
Bxf3 Bd5 16. Bxd5 Qxd5 17. Nf3 Nf5 18. Qf2 O-O 19. Ne5 a5 20. Nc4 Ra6 21. Ne3
Nxe3 22. Rxe3 Bd4 23. Qg3 Bxe3 24. Bxe3 c4 25. d4 b3 26. axb3 cxb3 27. c3 a4 28.
Qf2 Rb8 29. Qe2 Qb7 30. Ra3 Raa8 31. Bd2 Qd5 32. Kg1 Qf5 33. Qd1 Ra7 34. Be3 Qc2
35. Qc1 Ra6 36. Qd2 f6 37. Kf1 Qb1+ 38. Qc1 Qd3+ 39. Ke1 Qc4 40. Qd2 Rb5 41. Qe2
Qxe2+ 42. Kxe2 e5 43. c4 Rb4 44. Kd3 exd4 45. Bxd4 Kf7 46. Kc3 Rb8 47. Ra1 Ke6
48. g4 Kd7 49. h4 Re8 50. Kd3 Ree6 51. c5 Kc6 52. Be3 Rxe3+ 53. Kxe3 Kxc5 54.
Kd3 Kb4 55. Ra3 Rc6 56. Ra1 Rc2 57. Rb1 a3 58. bxa3+ Kxa3 59. g5 fxg5 60. hxg5
Ka2 61. Rd1 Rc7 62. Ke4 b2 63. Rd2 Ka1 64. Rxb2 Kxb2 0-1

[Event "World Youth U16 Olympiad"]
[Site "Gyor HUN"]
[Date "2014.12.14"]
[Round "3.18"]
[Board "1"]
[White "Boldoo, Erdenepurev"]
[Black "Repka, Christopher"]
[Result "0-1"]
[WhiteElo "2093"]
[BlackElo "2407"]
[WhiteTeam "Mongolia"]
[BlackTeam "Slovakia 1"]
[WhiteFideId "4901037"]
[BlackFideId "14918781"]
[EventDate "2014.12.13"]

1. d4 e6 2. c4 Nf6 3. Nc3 Bb4 4. a3 Bxc3+ 5. bxc3 Qe7 6. e3 d6 7. Bd3 e5 8. Ne2
c5 9. O-O O-O 10. f3 Nc6 11. d5 Na5 12. Ng3 h5 13. e4 h4 14. Ne2 Nd7 15. f4 exf4
16. Bxf4 Ne5 17. Bxe5 Qxe5 18. h3 b6 19. Qe1 Qg5 20. Kh1 Ba6 21. Ng1 Rae8 22.
Nf3 Qg3 23. Qe2 f5 24. Nd2 Qe5 25. Qh5 fxe4 26. Rxf8+ Rxf8 27. Qxe5 dxe5 28.
Bxe4 Nxc4 29. Nf3 Nd6 30. Re1 Rf4 31. Bg6 e4 32. Ne5 Rf1+ 33. Rxf1 Bxf1 34. Kg1
Bc4 35. Bxe4 Nxe4 36. Nxc4 Nxc3 37. d6 Kf7 38. Ne5+ Ke6 39. d7 Ke7 40. Kf2 a5
41. Ke3 Nd5+ 42. Kd2 Nf4 43. Ke3 Nd5+ 44. Kd2 b5 45. Ng6+ Kxd7 46. Nxh4 Ke6 47.
g4 Nf4 48. Nf5 g6 49. Nh4 Kd5 50. Ke3 g5 51. Nf3 Nxh3 52. Kd3 Nf2+ 53. Kc2 Ne4
54. Kb3 a4+ 55. Kc2 b4 56. axb4 cxb4 57. Kb2 a3+ 58. Kb3 Kc5 59. Kc2 Kb5 60. Kb3
Nc5+ 61. Ka2 Ka4 62. Nxg5 b3+ 63. Ka1 a2 64. Nf3 Ka3 0-1

[Event "World Youth U16 Olympiad"]
[Site "Gyor HUN"]
[Date "2014.12.14"]
[Round "3.18"]
[Board "2"]
[White "Nayhebaver, Martin"]
[Black "Munkhbayar, Gijir"]
[Result "1-0"]
[BlackTitle "FM"]
[WhiteElo "2332"]
[BlackElo "1967"]
[WhiteTeam "Slovakia 1"]
[BlackTeam "Mongolia"]
[WhiteFideId "14923432"]
[BlackFideId "4901584"]
[EventDate "2014.12.13"]

1. e4 c5 2. Nf3 d6 3. d4 cxd4 4. Nxd4 Nf6 5. Nc3 g6 6. Be3 Bg7 7. f3 Nc6 8. Bc4
O-O 9. Qd2 Bd7 10. Bb3 Rc8 11. O-O-O Ne5 12. Kb1 a6 13. h4 h5 14. Bh6 Bxh6 15.
Qxh6 Rxc3 16. bxc3 Qc8 17. g4 hxg4 18. h5 g5 19. Qxg5+ Kh7 20. Qe3 gxf3 21. Rhg1
Nfg4 22. Qf4 f2 23. Rg3 f5 24. Qg5 Rf6 25. exf5 Bxf5 26. Rf1 Bd7 27. Bd5 Qf8 28.
h6 b5 29. Be4+ Kh8 30. h7 Nc4 31. Bf3 Kxh7 32. Bxg4 Rg6 33. Qxg6+ Kxg6 34. Bxd7+
Kh7 35. Rh1+ Qh6 36. Bf5+ 1-0

[Event "World Youth U16 Olympiad"]
[Site "Gyor HUN"]
[Date "2014.12.14"]
[Round "3.18"]
[Board "3"]
[White "Agibileg, Uurtsaikh"]
[Black "Pechac, Jergus"]
[Result "1-0"]
[BlackTitle "CM"]
[WhiteElo "1957"]
[BlackElo "2182"]
[WhiteTeam "Mongolia"]
[BlackTeam "Slovakia 1"]
[WhiteFideId "4901606"]
[BlackFideId "14926970"]
[EventDate "2014.12.13"]

1. d4 Nf6 2. c4 g6 3. Nc3 Bg7 4. e4 O-O 5. Be2 d6 6. Nf3 Nfd7 7. O-O a6 8. Be3
c5 9. Qc2 Nc6 10. Rad1 cxd4 11. Nxd4 Nde5 12. h3 Nxd4 13. Bxd4 g5 14. c5 Be6 15.
cxd6 Qxd6 16. Be3 Qb4 17. Bxg5 Rac8 18. Qd2 Nc4 19. Bxc4 Rxc4 20. Bh6 Rc5 21.
Bxg7 Kxg7 22. a3 Qc4 23. Qe3 Rh5 24. Ne2 Kh8 25. Nf4 Re5 26. Rd4 Qc6 27. Rc1 Qb6
28. Qc3 f6 29. Rcd1 Rc5 30. Qxc5 1-0

[Event "World Youth U16 Olympiad"]
[Site "Gyor HUN"]
[Date "2014.12.14"]
[Round "3.18"]
[Board "4"]
[White "Sucikova, Svetlana"]
[Black "Baterdene, Tsogbayar"]
[Result "1/2-1/2"]
[WhiteElo "1985"]
[BlackElo "1981"]
[WhiteTeam "Slovakia 1"]
[BlackTeam "Mongolia"]
[WhiteFideId "14923653"]
[BlackFideId "4901592"]
[EventDate "2014.12.13"]

1. c4 c5 2. Nc3 Nf6 3. Nf3 b6 4. e3 Bb7 5. Be2 g6 6. O-O Bg7 7. d4 cxd4 8. Nxd4
O-O 9. Bf3 Nc6 10. b3 Qc7 11. Ndb5 Qc8 12. Bb2 a6 13. Na3 d6 14. Rc1 Ne5 15.
Bxb7 Qxb7 16. Qe2 Rac8 17. Rfd1 Rfd8 18. Nc2 Ned7 19. Nb4 Nc5 20. f3 Rb8 21.
Ncd5 Nxd5 22. cxd5 Bxb2 23. Qxb2 Rbc8 24. Qf2 a5 25. Nc6 Re8 26. Qg3 e6 27. Qxd6
exd5 28. Nxa5 Qa6 29. b4 Rcd8 30. Qc6 Nd3 31. b5 Qxa5 32. Rxd3 Rc8 33. Qxc8 Rxc8
34. Rxc8+ Kg7 35. Rd1 Qxb5 36. Rc2 Qa4 37. Rcd2 b5 38. Rb1 Qc4 39. Kf2 Qc3 40.
Rbb2 Qc5 41. Rd4 b4 42. Rdxb4 Qc3 43. R4b3 Qc7 44. g3 Qc1 45. Kg2 Qd1 46. a4 Qa1
47. Rb4 Qa3 48. e4 d4 49. Rb8 Qxa4 50. Rd2 Qc4 51. Rd8 h5 52. R8xd4 Qc3 53. R4d3
Qc4 54. Rd4 Qc3 55. e5 Qe3 56. Rd5 g5 57. e6 fxe6 58. R5d3 Qe1 59. Rd4 Kf6 60.
Rf2 Qe3 61. Re4 Qd3 62. Rfe2 Qd5 63. Rxe6+ Qxe6 64. Rxe6+ Kxe6 65. Kf2 Kf6 66.
Ke3 Kf5 67. Kd4 h4 68. gxh4 g4 69. Ke3 gxf3 70. Kxf3 Kg6 71. Kg4 Kh6 72. h3 Kg6
73. h5+ Kh6 74. Kh4 Kh7 75. Kg5 Kg7 76. h6+ Kh8 77. Kg6 Kg8 78. h7+ Kh8 79. h4 1/2-1/2

[Event "World Youth U16 Olympiad"]
[Site "Gyor HUN"]
[Date "2014.12.14"]
[Round "3.19"]
[Board "1"]
[White "Puccini, Jack"]
[Black "Radovic, Luka"]
[Result "1-0"]
[WhiteTitle "CM"]
[WhiteElo "2188"]
[BlackElo "2352"]
[WhiteTeam "Australia"]
[BlackTeam "Serbia"]
[WhiteFideId "3213307"]
[BlackFideId "911569"]
[EventDate "2014.12.13"]

1. e4 c5 2. Nf3 d6 3. d4 cxd4 4. Nxd4 Nf6 5. Nc3 a6 6. Bc4 e6 7. Bg5 Be7 8. Bb3
b5 9. Qf3 Qc7 10. e5 Bb7 11. exd6 Bxd6 12. Qe3 Be5 13. O-O-O Nbd7 14. Nxe6 fxe6
15. f4 Bxc3 16. Qxe6+ Kd8 17. bxc3 Re8 18. Qf7 h6 19. Bxf6+ gxf6 20. Be6 Bc6 21.
Bxd7 Bxd7 22. Rxd7+ Qxd7 23. Rd1 Ra7 24. Rxd7+ Rxd7 25. Qxf6+ Kc7 26. Qxa6 1-0

[Event "World Youth U16 Olympiad"]
[Site "Gyor HUN"]
[Date "2014.12.14"]
[Round "3.19"]
[Board "2"]
[White "Radovic, Janko"]
[Black "Loh, Zachary"]
[Result "1-0"]
[WhiteElo "2272"]
[BlackElo "2075"]
[WhiteTeam "Serbia"]
[BlackTeam "Australia"]
[WhiteFideId "911518"]
[BlackFideId "3210383"]
[EventDate "2014.12.13"]

1. e4 c6 2. Nf3 d5 3. Nc3 dxe4 4. Nxe4 Nf6 5. Ng3 Bg4 6. Be2 e6 7. d4 Nbd7 8.
O-O Bd6 9. c4 O-O 10. b3 Qc7 11. Bb2 Rad8 12. Qc2 c5 13. Rad1 cxd4 14. Nxd4 Bxe2
15. Qxe2 Bc5 16. Nb5 Qb8 17. Nh5 Be7 18. Nxf6+ gxf6 19. Rd3 Ne5 20. Rh3 Kg7 21.
Qh5 Rh8 22. Qh6+ Kg8 23. Bxe5 1-0

[Event "World Youth U16 Olympiad"]
[Site "Gyor HUN"]
[Date "2014.12.14"]
[Round "3.19"]
[Board "3"]
[White "Chew Lee, Max"]
[Black "Djordjevic, Vuk"]
[Result "1/2-1/2"]
[WhiteElo "1931"]
[BlackElo "2291"]
[WhiteTeam "Australia"]
[BlackTeam "Serbia"]
[WhiteFideId "3213137"]
[BlackFideId "902098"]
[EventDate "2014.12.13"]

1. e4 c5 2. Nf3 d6 3. d4 cxd4 4. Nxd4 Nf6 5. Nc3 g6 6. Be3 Bg7 7. Be2 Nc6 8. O-O
O-O 9. Kh1 Bd7 10. f4 Nxd4 11. Bxd4 Bc6 12. Bf3 b5 13. a3 Qc7 14. e5 dxe5 15.
Bxe5 Qb6 16. Qe2 a6 17. Rad1 Rad8 18. Bxc6 Qxc6 19. Rxd8 Rxd8 20. Rd1 Rd7 21.
Rxd7 Qxd7 22. Qd1 Qxd1+ 23. Nxd1 Nd5 24. Bxg7 Kxg7 25. g3 f5 26. Kg2 Kf6 27. Kf3
e5 28. fxe5+ Kxe5 29. Nf2 g5 30. h3 a5 31. Nd3+ Kd4 32. Nf2 h5 33. g4 fxg4+ 34.
hxg4 hxg4+ 35. Nxg4 Nb6 36. Ne3 Na4 37. b4 axb4 38. axb4 Nc3 39. Nf5+ Ke5 40.
Ne7 Kd6 41. Nc8+ Ke6 42. Kg4 Na2 43. Na7 Nxb4 44. Nxb5 Nxc2 45. Kxg5 Nd4 46. Kg4
Nxb5 1/2-1/2

[Event "World Youth U16 Olympiad"]
[Site "Gyor HUN"]
[Date "2014.12.14"]
[Round "3.20"]
[Board "1"]
[White "Holtman, Teodor"]
[Black "Buzas, Bertalan"]
[Result "1-0"]
[WhiteElo "2058"]
[BlackElo "2109"]
[WhiteTeam "Slovakia East"]
[BlackTeam "Transdanubium West"]
[WhiteFideId "14933721"]
[BlackFideId "751820"]
[EventDate "2014.12.13"]

1. e4 c5 2. Nc3 Nc6 3. Nf3 e6 4. d4 cxd4 5. Nxd4 a6 6. Nxc6 bxc6 7. Bd3 d6 8.
O-O Nf6 9. b3 Be7 10. Bb2 e5 11. h3 O-O 12. Qe2 Qc7 13. Na4 h6 14. Rad1 Nh7 15.
f4 exf4 16. Rxf4 Ng5 17. Kh1 Ne6 18. Rff1 Bg5 19. Qf2 d5 20. exd5 cxd5 21. Nb6
Rb8 22. Nxd5 Qa5 23. Qf5 g6 24. Ne7+ 1-0

[Event "World Youth U16 Olympiad"]
[Site "Gyor HUN"]
[Date "2014.12.14"]
[Round "3.20"]
[Board "2"]
[White "Acs, Marton"]
[Black "Kravec, Patrik"]
[Result "1-0"]
[WhiteElo "1969"]
[BlackElo "1976"]
[WhiteTeam "Transdanubium West"]
[BlackTeam "Slovakia East"]
[WhiteFideId "765139"]
[BlackFideId "14923505"]
[EventDate "2014.12.13"]

1. d4 Nf6 2. Nf3 g6 3. Bg5 Bg7 4. Nbd2 d5 5. e3 b6 6. Bd3 O-O 7. c3 Ba6 8. Qb1
Bxd3 9. Qxd3 Nbd7 10. O-O c5 11. a4 Qc7 12. Bf4 Qb7 13. h3 Ne4 14. b4 Nxd2 15.
Qxd2 Rfe8 16. Rfb1 cxb4 17. cxb4 Rac8 18. Rc1 a6 19. b5 e6 20. Qb2 Rxc1+ 21.
Rxc1 Rc8 22. Rc3 axb5 23. axb5 f6 24. Qc1 Rxc3 25. Qxc3 Kf7 26. Qc6 Qa7 27. Bc7
Nb8 28. Qxb6 Qxb6 29. Bxb6 Nd7 30. Bc7 Bf8 31. b6 Nxb6 32. Bxb6 Bd6 33. Bc5 Bc7
34. Kf1 e5 35. Ke2 Ke6 36. Ne1 f5 37. dxe5 Bxe5 38. Bd4 Bd6 39. Nd3 g5 40. h4 f4
41. hxg5 fxe3 42. Kxe3 Kf5 43. f4 Bf8 44. Kf3 h6 45. g4+ Kg6 46. Ne5+ 1-0

[Event "World Youth U16 Olympiad"]
[Site "Gyor HUN"]
[Date "2014.12.14"]
[Round "3.20"]
[Board "3"]
[White "Sepesi, Samuel"]
[Black "Arvai, Eszter"]
[Result "0-1"]
[WhiteElo "1925"]
[BlackElo "1978"]
[WhiteTeam "Slovakia East"]
[BlackTeam "Transdanubium West"]
[WhiteFideId "14923084"]
[BlackFideId "732583"]
[EventDate "2014.12.13"]

1. e4 g6 2. d4 Bg7 3. Nf3 c6 4. Nc3 d5 5. Bf4 dxe4 6. Nxe4 Nd7 7. c3 Ngf6 8. Bd3
Nxe4 9. Bxe4 Nf6 10. Bc2 Bg4 11. h3 Bxf3 12. Qxf3 O-O 13. h4 Qd5 14. Qe2 Qxg2
15. O-O-O Qg4 16. Qd2 Nh5 17. Bg5 Qe6 18. Rdg1 Qxa2 19. Bh6 Qd5 20. Rh3 Qd6 21.
Bxg7 Kxg7 22. Bd1 Nf4 23. Rf3 e5 24. h5 c5 25. Qe3 cxd4 26. cxd4 Rad8 27. dxe5
Nd3+ 28. Kb1 Qxe5 29. Qd2 Nc5 30. h6+ Kg8 31. Qa5 Qe4+ 32. Ka2 Rxd1 33. Rxd1
Qxf3 34. Qxc5 Qxd1 35. Qe5 f6 36. Qe6+ Kh8 37. Qe7 Qd5+ 0-1

[Event "World Youth U16 Olympiad"]
[Site "Gyor HUN"]
[Date "2014.12.14"]
[Round "3.20"]
[Board "4"]
[White "Bakos, Balazs"]
[Black "Nadzamova, Sofia"]
[Result "1/2-1/2"]
[WhiteElo "1695"]
[BlackElo "1734"]
[WhiteTeam "Transdanubium West"]
[BlackTeam "Slovakia East"]
[WhiteFideId "765147"]
[BlackFideId "14928450"]
[EventDate "2014.12.13"]

1. e4 c5 2. Nf3 Nc6 3. d4 cxd4 4. Nxd4 e5 5. Nb5 d6 6. N1c3 a6 7. Na3 b5 8. Nd5
Nf6 9. Bg5 Be7 10. Bxf6 Bxf6 11. c3 O-O 12. Nc2 Bg5 13. g3 Be6 14. Nce3 Bxe3 15.
Nxe3 Ne7 16. Bg2 Qd7 17. O-O Rac8 18. Qd2 Rfd8 19. Rfd1 Qc7 20. Nd5 Nxd5 21.
exd5 Bf5 22. Rac1 h6 23. Qe3 Qc5 24. Qxc5 Rxc5 25. f3 Rdc8 26. a3 a5 27. Bf1 e4
28. fxe4 Bxe4 29. Bg2 Bxg2 30. Kxg2 Re8 31. Rd2 Re4 32. Rcd1 Re5 33. Kf3 g6 34.
Rd3 Rf5+ 35. Kg2 Re5 36. Kf3 Rf5+ 37. Kg2 Re5 38. Kf3 Rf5+ 39. Kg2 1/2-1/2

[Event "World Youth U16 Olympiad"]
[Site "Gyor HUN"]
[Date "2014.12.14"]
[Round "3.22"]
[Board "1"]
[White "Oltman, Kayla"]
[Black "Rabeea, Sabah Nori"]
[Result "0-1"]
[BlackTitle "FM"]
[WhiteElo "1529"]
[BlackElo "1944"]
[WhiteTeam "South Africa (Girls)"]
[BlackTeam "Iraq"]
[WhiteFideId "14318490"]
[BlackFideId "4806212"]
[EventDate "2014.12.13"]

1. c4 e6 2. g3 d5 3. cxd5 exd5 4. Bg2 Nf6 5. Nc3 c6 6. e3 Bd6 7. Nge2 Bf5 8. d4
O-O 9. O-O Nbd7 10. b3 Re8 11. Bb2 Ne4 12. Nxe4 Bxe4 13. Nc3 Bxg2 14. Kxg2 Qg5
15. Re1 Nf6 16. Qc2 Ne4 17. Nxe4 Rxe4 18. Qd3 Rae8 19. Re2 h5 20. Rh1 h4 21. Bc1
Qh5 22. f3 h3+ 23. Kf2 R4e6 24. e4 Qg6 25. Rhe1 Bb4 26. Bd2 Bxd2 27. Qxd2 dxe4
28. Rxe4 Rxe4 29. Rxe4 Rxe4 30. fxe4 Qxe4 31. b4 Qg2+ 32. Ke3 Qxd2+ 33. Kxd2 f5
34. Ke3 g5 35. Kf3 Kf7 36. g4 f4 37. Ke4 Ke6 38. a4 a6 39. a5 Kd6 40. Kf5 f3 41.
Kxg5 f2 42. Kh6 f1=Q 43. g5 Qf4 44. Kh5 Qxh2 45. g6 Qg3 46. Kh6 h2 47. Kg7 h1=Q
48. Kf7 Qhf3+ 49. Kg7 Qg5 50. Kh7 Qfh5+ 51. Kg7 Qgxg6+ 52. Kf8 Qh8# 0-1

[Event "World Youth U16 Olympiad"]
[Site "Gyor HUN"]
[Date "2014.12.14"]
[Round "3.22"]
[Board "2"]
[White "Noori, Sabah Nori"]
[Black "Kolver, Michelle"]
[Result "1-0"]
[WhiteElo "1891"]
[BlackElo "1584"]
[WhiteTeam "Iraq"]
[BlackTeam "South Africa (Girls)"]
[WhiteFideId "4806620"]
[BlackFideId "14307839"]
[EventDate "2014.12.13"]

1. d4 f5 2. c4 Nf6 3. Nf3 e6 4. g3 d5 5. Bg2 c6 6. O-O Bd6 7. b3 O-O 8. Bb2 Bd7
9. Nc3 Be8 10. Qd2 Nbd7 11. c5 Bc7 12. b4 b6 13. Ng5 Qe7 14. Qe3 Bf7 15. b5 Nb8
16. a4 Re8 17. Ba3 Qd8 18. Nf3 Nfd7 19. Rfc1 Qc8 20. Nb1 Qb7 21. Nbd2 cxb5 22.
axb5 bxc5 23. Bxc5 Qxb5 24. Bxa7 Bd6 25. Ne5 Qb7 26. Rcb1 Qc7 27. Bxb8 Rexb8 28.
Nxf7 Kxf7 29. Nf3 h6 30. Nh4 Nf6 31. Nxf5 Rxa1 32. Nxd6+ Qxd6 33. Rxa1 Qb6 34.
Bh3 Rb7 35. Rc1 Qa6 36. Qe5 Qb6 37. f4 Re7 38. Rf1 Qb2 39. g4 Qc2 40. g5 Qg6 41.
Kh1 Qe4+ 42. Bg2 Qg6 43. gxf6 gxf6 44. Qe3 Re8 45. Qg3 Rg8 46. Qxg6+ Rxg6 47.
Rb1 Rg4 48. e3 Rh4 49. Rb7+ Kg6 50. h3 Kf5 51. Kh2 Rh5 52. Bf3 1-0

[Event "World Youth U16 Olympiad"]
[Site "Gyor HUN"]
[Date "2014.12.14"]
[Round "3.22"]
[Board "3"]
[White "Samons, Marcelle"]
[Black "Ameer, Dhafer Abdulameer"]
[Result "0-1"]
[BlackTitle "CM"]
[WhiteElo "1539"]
[BlackElo "1469"]
[WhiteTeam "South Africa (Girls)"]
[BlackTeam "Iraq"]
[WhiteFideId "14318016"]
[BlackFideId "4807537"]
[EventDate "2014.12.13"]

1. e4 c5 2. c3 d6 3. d4 cxd4 4. cxd4 Nf6 5. Nc3 g6 6. Bc4 Bg7 7. Nf3 Bg4 8. h3
Bxf3 9. Qxf3 Nc6 10. Bb5 O-O 11. Be3 a6 12. Ba4 Qb6 13. Bb3 Qb4 14. d5 Ne5 15.
Qe2 Nxe4 16. Bd2 Nxd2 17. Qxd2 Qf4 18. Qxf4 Nd3+ 19. Kd2 Nxf4 20. g4 Bd4 21. Rh2
f5 22. Re1 fxg4 23. hxg4 Rae8 24. Reh1 Bxc3+ 25. bxc3 Rf7 26. Rb1 b5 27. a4 Rb8
28. Bc4 Rc8 29. Ba2 Rc5 30. axb5 axb5 31. Rb4 Kg7 32. Rd4 g5 33. Bb1 h6 34. Ba2
Ng6 35. Bb1 Ne5 36. Be4 Rf4 37. Rg2 Nf3+ 38. Bxf3 Rxf3 39. Re4 Kf7 40. Rh2 Rxd5+
41. Kc2 Re5 42. Rxe5 dxe5 43. Kb3 Kg6 44. Rg2 Rf4 45. Ka3 e4 46. Kb3 Rf3 47. Kb4
e5 48. c4 bxc4 49. Kxc4 Rd3 50. Rh2 Rd2 51. Kc3 Re2 52. Rh3 Rxf2 53. Re3 Rf3 54.
Rxf3 0-1